Top 10 Burgerläden Hamburg - Statistiken

Allgemein
  • Dieses Quiz wurde 46 mal gespielt
  • Das Durchschnittsergebnis liegt bei 2 aus 10
Antwortstatistiken
Hint Antwort % Korrekt
10 Jim block
49%
2 Dulfs Burger
46%
6 Ottos Burger
46%
4 Burger Heroes
27%
7 Burgerlich
27%
3 Buns
14%
9 Most Wanted Burger
14%
8 Shiso Burger
11%
5 Traumkuh
8%
1 Murder Burger
0%
Keine übereinstimmenden Quizze gefunden
Verteilung der Resultate
Anzahl Personen mit jedem Resultat
Perzentil nach korrekt beantworteten Fragen
Ihre Resultats-Entwicklung
Sie haben dieses Quiz noch nicht gespielt